Princess and the Frog: "When We're Human" All lyrics - Statistics

General Stats
  • This quiz has been taken 32 times
  • The average score is 200 of 286
Answer Stats
Answer % Correct
a
100%
A
100%
human
100%
I
100%
were
100%
We're
100%
we're
100%
be
95%
If
95%
I'm
95%
to
95%
To
95%
when
95%
When
95%
And
91%
and
91%
I'd
91%
on
91%
the
91%
being
86%
blow
86%
ever
86%
horn
86%
my
86%
My
86%
you
86%
every
82%
gonna
82%
or
82%
brunette
77%
do
77%
for
77%
left
77%
redhead
77%
right
77%
so
77%
That
77%
that
77%
arm
73%
in
73%
live
73%
New
73%
Orleans
73%
straight
73%
this
73%
way
73%
Your
73%
your
73%
best
68%
blonde
68%
come
68%
head
68%
life
68%
Life
68%
Like
68%
like
68%
they
68%
about
64%
are
64%
hard
64%
high
64%
is
64%
just
64%
Louis
64%
no
64%
of
64%
one
64%
place
64%
play
64%
strong
64%
things
64%
two
64%
each
59%
got
59%
I'll
59%
seen
59%
sun
59%
too
59%
What
59%
what
59%
As
55%
cows
55%
day
55%
Good
55%
hear
55%
home
55%
it
55%
it's
55%
party
55%
sure
55%
take
55%
that's
55%
act
50%
All
50%
At
50%
daddy
50%
everything
50%
get
50%
give
50%
have
50%
hold
50%
hope
50%
least
50%
me
50%
Mr.
50%
never
50%
night
50%
seems
50%
sound
50%
supposed
50%
Til
50%
Armstrong
45%
becomes
45%
down
45%
forget
45%
fun
45%
had
45%
heard
45%
I've
45%
Listen
45%
love
45%
modesty
45%
old
45%
said
45%
sense
45%
some
45%
step
45%
they've
45%
those
45%
worked
45%
aside
41%
bad
41%
big
41%
bow
41%
boys
41%
candles
41%
doesn't
41%
done
41%
earth
41%
everyone's
41%
oh
41%
responsibility
41%
short
41%
Sidney
41%
you're
41%
You've
41%
baby
36%
guarantee
36%
hot
36%
Thank
36%
thank
36%
again
32%
before
32%
did
32%
ex-gator
32%
great
32%
royal
32%
Tell
32%
up
32%
want
32%
brother
27%
myself
27%
Bechet
23%
commend
23%
Eh
23%
Now
23%
tear
23%
No matching quizzes found
Score Distribution
Percent of People with Each Score
Percentile by Number Answered
Your Score History
You have not taken this quiz